Normal view MARC view
  • Reforma educativa

Entry Materia

Number of records used in: 26

001 - NÚMERO DE CONTROL DEL REGISTRO

  • campo de control: 1568

003 - IDENTIFICADOR DE NUMERO DE CONTROL

  • campo de control: UPN

005 - FECHA Y HORA DE LA ÚLTIMA TRANSACCIÓN

  • campo de control: 20260324153025.0

008 - DATOS DE LONGITUD FIJA

  • campo de control de longitud fija: 260324n| fcnnnbabn a a|a |d

035 ## - NÚMERO DE CONTROL DEL SISTEMA

  • Número de control del sistema: UPN10000001568

040 ## - FUENTE DE LA CATALOGACIÓN

  • Centro catalogador de origen: MX-MxUPN
  • Lengua de catalogación: spa
  • Agencia de transcripción: Mx-MxUPN

150 ## - ENCABEZAMIENTO - TEMÁTICO

  • Término de materia o nombre geográfico como elemento inicial: Reforma educativa
  • Subdivisión geográfica: España

450 ## - VÉASE - MATERIA

  • Subcampo de control: nno
  • Encabezamiento temático: Cambio educativo
  • Subdivisión geográfica: España

670 ## - FUENTE EN LA QUE SE LOCALIZARON DATOS

  • Cita de la fuente: LC
  • Información localizada: (Educational change -- Spain)

670 ## - FUENTE EN LA QUE SE LOCALIZARON DATOS

  • Cita de la fuente: Autoridades BGTQ, 24 marzo 2026:
  • Información localizada: (Reforma educativa -- España)

902 ## - CATALOGADOR

  • Catalogador: CAA/080505
  • Catalogador: JohanaAllegre/240326